FAO COUNTRY (Record no. 20526)
[ view plain ]
| 000 -LEADER | |
|---|---|
| fixed length control field | 00356nas a22001213u 4500 |
| 040 ## - CATALOGING SOURCE | |
| Transcribing agency | WaSeSS |
| 082 ## - DEWEY DECIMAL CLASSIFICATION NUMBER | |
| Classification number | 333 FAO 2016 C323 Or.1 |
| 245 10 - TITLE STATEMENT | |
| Title | FAO COUNTRY |
| 260 ## - PUBLICATION, DISTRIBUTION, ETC. (IMPRINT) | |
| Place of publication | [S.l.] : |
| Name of publisher | [s.n.] |
| 500 ## - GENERAL NOTE | |
| General note | Title from content provider. |
| 856 40 - ELECTRONIC LOCATION AND ACCESS | |
| Uniform Resource Identifier | http://MY2VS8LV9P.search.serialssolutions.com/?V=1.0&L=MY2VS8LV9P&S=JCs&C=JC_022514880&T=marc |
| 942 ## - ADDED ENTRY ELEMENTS (KOHA) | |
| Koha item type | ADB |
No items available.